000 00659nam a2200205 i 4500
001 55163
003 ES-MaACL
005 20251012183748.0
007 t|
008 030915s1962 sp ||||1| spa d
100 1 _aDelmas, J.
_943547
245 1 0 _aVías y centros nerviosos
_b: introducción a la neurología /
_cpor J. Delmas, A. Delmas ; traducción L. Gómez Oliveros.
260 _aBarcelona :
_bToray,
_c1962.
300 _aXVI, 231 p. :
_bil. ;
_c25 cm.
650 4 _aNeurología.
_9136593
700 1 _aDelmas, A.
_943544
700 1 _aGómez Oliveros, L.,
_d1914-1991
_958086
852 _aES-MaACL
_jC-21512
_bR.49805
999 _c55163
_d55163